000 00610nam a2200229 a 4500
001 BRCA_6984
005 20190320205652.0
008 231111s1908----gw-a######---#000-0#ger-#
041 _ager
044 _agw
050 4 _aN7101
_b.J88
245 1 0 _aMiscellaneen aus drei Jahrunderten spanischen Kunstlebens
_cCarl Justi
260 _aBerlín
_bG. Grote
_c1908
300 _a2v.
_bil.
_c?? cm.
500 _aO216
650 1 4 _aArte
_zEspaña
_92064
650 1 4 _aArquitectura
_zEspaña
_92007
650 1 4 _aArte
_xHistoria
_917385
650 1 4 _aArquitectura
_xHistoria
_91467
902 _aGFM
942 _2lcc
_cB
999 _c6665
_d6665